000 004800000a22001930004500
003 LK-CoMWRAF
005 20230908144226.0
008 230817t2003 ||||| |||| 00| 0 eng d
020 _a9558897000
040 _aLK-CoMWRAF
_dLK-CoMWRAF
_eLK-CoMWRAF
041 _aeng
082 _a823
_bHUS
100 _aHussein, Ameena
245 _aZillij
260 _aColombo :
_bPerera Hussein publishing house,
_c2003
300 _a201p. ; 20cm
650 _aEnglish Fiction
942 _cBK
999 _c698
_d698